01247nam a2200241 i 4500001000700000003000700007005001700014008004100031020002200072080002600094245030500120260005100425300004800476546006200524650004900586655004800635700005400683710009600737852002200833942000800855999001900863952012300882186489SpMaBN20230906222659.0161117s2010 sp aco c |||| |dspa d a978-84-7506-970-8 a003.332.5.077(060.64)00aLibertad e innovación b: caligrafía árabe contemporánea : [exposición] / cNja Mahdaoui, Jalid Al-Saai, Rima Farah, Hassan Massoudy, Munir Al-Shaarani ; editado por José Miguel Puerta Vílchez ; [traducciones, Luis Miguel Pérez Cañada, Sami Bagdadi, José Miguel Puerta Vílchez]. a[Madrid] : bCasa Árabe : bTurner, c[2010] a139, [56] p. : bil. col., retr. ; c30 cm. aCub. y port. adicionales, con texto también en árabe. 7aCaligrafía árabe-vExposiciones.9161288 72tgfbne9193628aCatálogos de exposiciones1 aPuerta Vílchez, José Miguel (d1959-)91612892 aCasa Árabe e Instituto Internacional de Estudios Árabes y del Mundo Musulmán.9148163 aES-MaACLjL-30834 2udc c186489d186489 00104070aATENEOMbATENEOMcDEPO2d2016-11-17eDONl0oL-30834p1196654r2023-02-23 00:00:00w2023-02-23yMONOGRAFIA